| 000 | 00643nam a2200193 4500 | ||
|---|---|---|---|
| 999 |
_c12408 _d12408 |
||
| 008 | 210201b ||||| |||| 00| 0 eng d | ||
| 020 | _cRs.90.00 | ||
| 041 | 0 | _ahin | |
| 082 | 0 | 0 |
_a891.43 _bS962 |
| 245 | 1 | 0 |
_aGujarati ki puraskrit kahaniyan / _cedited by Abid Surati |
| 245 | 1 | 0 |
_aगुजराती की पुरस्कार कहानियाँ / _cअबिद सुरती द्वारा संपादित |
| 250 | _a1st ed. | ||
| 260 |
_aNew Delhi: _bArun Prakashan, _c1994. |
||
| 300 | _a146 p. | ||
| 365 | _bINR 90.00 | ||
| 650 | 0 | _aHindi fiction | |
| 700 |
_94588 _aSurti, Abid _eeditor |
||
| 942 |
_2ddc _cBK |
||